Pays avec le plus de femmes - Statistiques

Statistiques générales
  • Ce quiz a été pris 7 780 fois
  • Le résultat moyen est 8 sur 18
Statistiques - réponses
Ratio Surplus Pays % Correct
1,37 mil France
92%
4,96 mil Etats-Unis
87%
1,16 11,1 mil Russie
83%
3,92 mil Japon
75%
1,26 mil Allemagne
73%
3,16 mil Brésil
72%
1.87 mil Italie
67%
2,52 mil Mexique
63%
1,16 3,20 mil Ukraine
44%
1,15 Biélorussie
30%
1,14 Estonie
28%
1,16 Lettonie
28%
1,16 Lituanie
28%
1,10 Hongrie
20%
2,48 mil Bangladesh
13%
1,12 Nauru
7%
1,19 Djibouti
5%
1,11 Antigua-et-Barbuda
2%
Aucun quiz correspondant
Distribution des résultats
% des personnes avec chaque résultat
Percentile par nombre de réponses
Votre historique - résultats
Vous n’avez pas pris ce quiz